000 00553nam a22002297a 4500
003 UA-OsUOA
001 102989
007 ta
008 20131008b un ||||| |||| 00| 0 ukr d
100 _aLandwehr R.
090 _a94(477).09=111
942 _cBK
040 _aUA-OsUOA
_beng
_cUA-OsUOA
_dUA-OsUOA
245 _aIllustrated by Ramiro Bujero
300 _a224 с.
955 _a2
041 _aeng
080 _a94(477).09=111
260 _c1985
650 7 _a9 Географія. Біографії. Історія
_2UDC
999 _c388945
_d388945